Les plus grandes villes traversees par le Rhin - Statistiques

Statistiques générales
  • Ce quiz a été pris 74 fois
  • Le résultat moyen est 6 sur 15
Statistiques - réponses
Villes Population Pays % Correct
Strasbourg 277,270 France
97%
Cologne 1.086 million Allemagne
82%
Bale 171,017 Suisse
75%
Dusseldorf 619,294 Allemagne
68%
Bonn 327,258 Allemagne
56%
Mannheim 309,370 Allemagne
46%
Mayence 217,118 Allemagne
45%
Coblence 114,024 Allemagne
35%
Duisbourg 498,590 Allemagne
31%
Karlsruhe 313,092 Allemagne
31%
Leverkusen 163,838 Allemagne
21%
Wiesbaden 278,342 Allemagne
20%
Ludwigshafen 171,061 Allemagne
15%
Krefeld 227,020 Allemagne
7%
Neuss 155,414 Allemagne
7%
Aucun quiz correspondant
Distribution des résultats
% des personnes avec chaque résultat
Percentile par nombre de réponses
Votre historique - résultats
Vous n’avez pas pris ce quiz